000 00441nam a2200157 4500
003 OSt
005 20260505085503.0
008 260505b |||||||| |||| 00| 0 eng d
020 _a9717915075
040 _clib
082 _2370.1 Su957t 2004
245 _aA teacher's package on the art of/
_bclassroom questioning
260 _aMandaluyong City, Philippines : SIBS publishing house, c2004
700 _aSUNGA NILDA
942 _2ddc
_cGR
_n1
999 _c10265
_d10265